000 01837nam a2200433 c 4500
003 BLK
005 20250728125154.0
008 180409b bul|||||r ||||||| ||bul||
010 _aKNG00106633000
020 _a954-771-057-5
040 _aBLK
041 _aBUL
_cBUL
080 _aБългарски език
_b811.163.2
_x(079)(075.3)
_z811.163.2(079)(075.3)
080 _aБългарска литература
_b821.163.2
_x(079)(075.3)
_z821.163.2(079)(075.3)
100 1 _aМатеева, Андриана Данаилова
_eпърви автор
_9364574
139 _aМатеева, Андриана Данаилова и др.
_bМ 39
245 1 0 _aТестове за зрелостен изпит по български език и литература
_b10 варианта
_cАндриана Данаилова Матеева; съавт. Радка Николова Кърлова.
257 _aBGR
260 _aСофия
_bКръгозор
_c2003
_fСофия : Експреспринт
300 _a132 с.
_c21 см
380 _a80
490 1 _aУспешна матура : Стъпка по стъпка
_v3
500 _aОфс. изд.
650 4 _aБългарски език - тестове
_9241795
650 4 _aБългарска литература - тестове
_9293353
653 _aбългарски език
653 _aбългарска литература
653 _aучебни помагала
653 _aтестове
653 _aзрелостни изпити
700 1 _aКърлова, Радка Николова
_eсъавт.
_9368836
852 _aЦб 215122
856 4 _qpdf
856 4 _qpdf
942 _cKNG
_n0
_03
944 _aCR
_c01.01.2003
_k30549
_lВася Ганчева
944 _aED
_c29.01.2007
999 _c101583
_d101583
999 _d101583